[Event "AUTO-OPEN-4485"]
[Site "http://www.queenalice.com/game.php?id=1851869"]
[Date "2025.2.10"]
[Round "3"]
[White "bmax"]
[Black "delphicoracle"]
[Result "0-1"]
[WhiteElo "2313"]
[BlackElo "2639"]

1. d4 d5 2. Bf4 c5 3. e3 cxd4 4. exd4 Nc6 5. Nf3 Nf6 6. c3 Bf5 7. Nbd2 h6 8. Bb5
a6 9. Bxc6+ bxc6 10. O-O e6 11. a3 Be7 12. b4 O-O 13. Nb3 Ne4 14. Rc1 g5 15. Be3
Nd6 16. Ne5 Qe8 17. Qh5 Rc8 18. Qxh6 f6 19. g4 Bh7 20. Nf3 Bd3 21. Rfe1 Rf7 22.
Qh5 Nc4 23. Nc5 Bxc5 24. bxc5 Qe7 25. Qh3 Rh7 26. Qg3 Kf7 27. Kg2 Rch8 0-1

[Event "AUTO-OPEN-4580"]
[Site "http://www.queenalice.com/game.php?id=1853392"]
[Date "2025.3.7"]
[Round "1"]
[White "ricardoguevara"]
[Black "delphicoracle"]
[Result "0-1"]
[WhiteElo "1420"]
[BlackElo "2646"]

1. e4 c6 2. Nf3 d5 3. Nc3 Bg4 4. Be2 e6 5. exd5 cxd5 6. O-O Nc6 7. d4 Nf6 8. Ng5
Bf5 9. Nb5 h6 10. Nf3 a6 11. Nc3 Bd6 12. Re1 Nb4 13. a3 Nxc2 14. Qd2 Nxa1 15. b4
Nb3 16. Qa2 Nxc1 17. Rxc1 O-O 18. Ne5 Rc8 19. h4 Ne4 20. Qb2 Bxe5 21. dxe5 Qxh4
22. Kf1 Qh1# 0-1

[Event "AUTO-OPEN-4580"]
[Site "http://www.queenalice.com/game.php?id=1853393"]
[Date "2025.3.7"]
[Round "1"]
[White "delphicoracle"]
[Black "ricardoguevara"]
[Result "1-0"]
[WhiteElo "2647"]
[BlackElo "1415"]

1. d4 d5 2. Nf3 Nc6 3. g3 Bf5 4. Bg2 Qd6 5. O-O O-O-O 6. c4 dxc4 7. Na3 Nf6 8.
Nxc4 Qb4 9. Nce5 Nxe5 10. Nxe5 Rxd4 11. a3 Qc5 12. Qb3 Ne4 13. Nxf7 Rg8 14. Nh6
gxh6 15. Qxg8 Rd8 16. Bxe4 Bxe4 17. Be3 Qc2 18. Rac1 Qxe2 19. Qe6+ Kb8 20. Qxe4
Bg7 21. Bxa7+ Kxa7 22. Qxe2 h5 23. Qxe7 Rf8 24. Qxg7 Rd8 25. Rxc7 Rb8 26. Rd1
Ka6 27. Rd6+ b6 28. Ra7+ Kb5 29. Qg5+ Kc4 30. Qd5# 1-0

[Event "AUTO-OPEN-4580"]
[Site "http://www.queenalice.com/game.php?id=1853420"]
[Date "2025.3.7"]
[Round "1"]
[White "EdsonEstevam"]
[Black "delphicoracle"]
[Result "0-1"]
[WhiteElo "1726"]
[BlackElo "2645"]

1. e4 c6 2. Bc4 d5 3. Bd3 dxe4 4. Bxe4 Nf6 5. Nc3 Nxe4 6. Nxe4 Bf5 7. f3 e6 8.
d3 Qb6 9. d4 c5 10. Ne2 Nc6 11. c3 cxd4 12. cxd4 Rd8 13. Be3 e5 14. O-O exd4 15.
Bf2 Be7 16. a3 Qxb2 17. Rb1 Qxa3 18. Rxb7 Qa6 19. Rb1 O-O 20. Bxd4 Nxd4 21. Nxd4
Bxe4 22. fxe4 Qc4 23. Rc1 Qxd4+ 24. Qxd4 Rxd4 25. e5 Rd5 26. Ra1 Bc5+ 27. Kh1
Rxe5 28. Rfd1 g6 29. h3 f5 30. Rd7 Rf7 31. Rd8+ Kg7 32. Ra2 f4 33. Kh2 f3 34.
gxf3 Ref5 35. Rc8 Bd6+ 36. Kg2 Rg5+ 37. Kf1 Rxf3+ 38. Ke2 Rf7 39. Rc6 Rg2+ 0-1

[Event "AUTO-OPEN-4580"]
[Site "http://www.queenalice.com/game.php?id=1853421"]
[Date "2025.3.7"]
[Round "1"]
[White "delphicoracle"]
[Black "EdsonEstevam"]
[Result "1-0"]
[WhiteElo "2640"]
[BlackElo "1741"]

1. c4 e5 2. g3 c6 3. d4 exd4 4. Qxd4 d5 5. Bg2 Nf6 6. Nf3 h6 7. O-O Be7 8. b3
O-O 9. Bb2 Re8 10. e3 c5 11. Qc3 Nc6 12. cxd5 Nxd5 13. Qxg7# 1-0

[Event "AUTO-OPEN-4580"]
[Site "http://www.queenalice.com/game.php?id=1853440"]
[Date "2025.3.7"]
[Round "1"]
[White "delphicoracle"]
[Black "Carlos19"]
[Result "1-0"]
[WhiteElo "2652"]
[BlackElo "1631"]

1. c4 e5 2. g3 Bc5 3. Bg2 Nf6 4. Nc3 Nc6 5. a3 a6 6. e3 O-O 7. Nge2 d6 8. O-O
Be6 9. d4 exd4 10. exd4 Bb6 11. d5 Bg4 12. dxc6 bxc6 13. Bxc6 Rc8 14. Bb7 Rb8
15. Bxa6 c6 16. Bf4 Bc7 17. b4 Rb6 18. b5 c5 19. Bg5 h6 20. Bxf6 Qxf6 21. Nd5
Qe5 22. f3 Bh3 23. Re1 Rbb8 24. Nef4 Qd4+ 25. Qxd4 cxd4 26. Nxc7 Bf5 27. Rad1 g5
28. Nd3 f6 29. Nb4 d3 30. Nxd3 Bg6 31. Nb4 Rb6 32. Nbd5 Rbb8 33. Ne7+ Kg7 34.
Nxg6 Rf7 35. Ne7 Rb6 36. Nf5+ Kg6 37. Nxd6 Rxc7 38. Rd5 Rd7 39. c5 Rb8 40. a4 h5
41. Re6 Rf8 42. b6 h4 43. Bd3+ Kg7 44. Be4 hxg3 45. hxg3 f5 46. Nxf5+ Kf7 47.
Red6 Rb7 48. Rd7+ Rxd7 49. Rxd7+ Ke6 50. Rd6+ Ke5 51. b7 g4 52. Rd5+ Ke6 53. f4
Rb8 54. Rd6+ Kf7 55. c6 1-0

[Event "AUTO-OPEN-4580"]
[Site "http://www.queenalice.com/game.php?id=1853441"]
[Date "2025.3.7"]
[Round "1"]
[White "Carlos19"]
[Black "delphicoracle"]
[Result "0-1"]
[WhiteElo "1667"]
[BlackElo "2644"]

1. e4 c6 2. Bc4 d5 3. exd5 cxd5 4. Bb5+ Nc6 5. d4 Nf6 6. Nc3 Qb6 7. a4 e6 8. Nf3
Bb4 9. Ne5 O-O 10. Nxc6 bxc6 11. Bxc6 Qxc6 12. Bd2 Ba6 13. Qf3 Qb6 14. O-O-O
Rfc8 15. g4 Rab8 16. g5 Ne4 17. Qd3 Bxd3 18. cxd3 Nxc3 19. Rdg1 Ne2+ 20. Kd1
Nxg1 21. Rxg1 Bxd2 22. Kxd2 Qxb2+ 23. Ke3 Rc2 24. Rg2 Re2+ 25. Kf3 Rb3 0-1

[Event "Let's Play Chess!"]
[Site "http://www.queenalice.com/game.php?id=1853911"]
[Date "2025.3.14"]
[Round "-"]
[White "igor12345"]
[Black "delphicoracle"]
[Result "0-1"]
[WhiteElo "2109"]
[BlackElo "2650"]

1. e4 e5 2. f4 exf4 3. Nf3 d5 4. exd5 Nf6 5. Bc4 Nxd5 6. Bxd5 Qxd5 7. Nc3 Qf5 8.
O-O Nc6 9. d4 Be6 10. Ne2 g5 11. h3 O-O-O 12. b3 h5 13. Nh2 Nxd4 14. Nxd4 Rxd4
15. Qxd4 Bc5 16. g4 Bxd4+ 0-1

[Event "Let's Play Chess!"]
[Site "http://www.queenalice.com/game.php?id=1853912"]
[Date "2025.3.14"]
[Round "-"]
[White "delphicoracle"]
[Black "igor12345"]
[Result "1-0"]
[WhiteElo "2654"]
[BlackElo "1995"]

1. d4 d5 2. c4 c6 3. e3 Nf6 4. Nc3 a6 5. Nf3 Bg4 6. h3 Bf5 7. g4 Bg6 8. Ne5 e6
9. h4 h5 10. Nxg6 fxg6 11. g5 Ng8 12. Bh3 Qd7 13. c5 Ne7 14. Na4 Nc8 15. O-O Qf7
16. e4 dxe4 17. Qb3 Ra7 18. Bxe6 Qc7 19. Nb6 Qd8 20. Bf7+ 1-0

[Event "AUTO-OPEN-4582"]
[Site "http://www.queenalice.com/game.php?id=1853929"]
[Date "2025.3.15"]
[Round "1"]
[White "delphicoracle"]
[Black "game"]
[Result "1-0"]
[WhiteElo "2649"]
[BlackElo "1424"]

1. e4 e5 2. d4 Nf6 3. dxe5 Nxe4 4. Bc4 Qf6 5. exf6 gxf6 6. Qe2 f5 7. f3 Bb4+ 8.
c3 Be7 9. fxe4 f6 10. exf5 Kd8 11. Bh6 Re8 12. Bf7 Rh8 13. Bg7 Re8 14. Bxe8 Kxe8
15. Bxf6 Kf7 16. Qxe7+ 1-0

[Event "AUTO-OPEN-4582"]
[Site "http://www.queenalice.com/game.php?id=1853930"]
[Date "2025.3.15"]
[Round "1"]
[White "game"]
[Black "delphicoracle"]
[Result "0-1"]
[WhiteElo "1522"]
[BlackElo "2651"]

1. e4 c6 2. Nf3 d5 3. d3 Qc7 4. Ng5 e5 5. exd5 cxd5 6. Qf3 Nf6 7. Be2 Bg4 8. Qg3
Bxe2 9. Kxe2 Nc6 10. d4 Bd6 11. dxe5 Bxe5 12. f4 Bd6 13. Nh3 O-O 14. Qh4 Rae8+
15. Kf3 Nd4+ 16. Kf2 Nxc2 17. Ng5 Qb6+ 18. Be3 Qxe3+ 19. Kf1 Qd3+ 20. Kf2 Re2+
21. Kf1 Qd1+ 0-1

[Event "AUTO-OPEN-4582"]
[Site "http://www.queenalice.com/game.php?id=1853932"]
[Date "2025.3.15"]
[Round "1"]
[White "avieytoa"]
[Black "delphicoracle"]
[Result "0-1"]
[WhiteElo "1897"]
[BlackElo "2652"]

1. e4 c6 2. d4 d5 3. e5 Bf5 4. Nc3 e6 5. Bd3 Bxd3 6. Qxd3 Nd7 7. Nf3 Ne7 8. Bg5
h6 9. Bh4 Qc7 10. O-O Nf5 11. Bg3 Be7 0-1

[Event "AUTO-OPEN-4544"]
[Site "http://www.queenalice.com/game.php?id=1854205"]
[Date "2025.3.20"]
[Round "2"]
[White "Rafale2000"]
[Black "delphicoracle"]
[Result "0-1"]
[WhiteElo "1961"]
[BlackElo "2655"]

1. e4 e6 2. d4 c5 3. Bc4 cxd4 4. Qxd4 Nc6 5. Qd3 Nf6 6. Bg5 Be7 7. Nc3 a6 8.
O-O-O O-O 9. Nf3 b5 10. Bb3 h6 11. Be3 Qc7 12. h3 Bb7 13. g4 Nb4 14. Qd4 Rfc8
15. Qd2 Nxe4 16. Nxe4 Bxe4 17. Nd4 Bxh1 18. Rxh1 a5 19. a3 a4 20. axb4 axb3 21.
Nxb3 Qc4 22. Kd1 Rc6 23. Bc5 Bxc5 24. bxc5 Rxc5 0-1

[Event "AUTO-OPEN-4544"]
[Site "http://www.queenalice.com/game.php?id=1854206"]
[Date "2025.3.20"]
[Round "2"]
[White "delphicoracle"]
[Black "Rafale2000"]
[Result "1-0"]
[WhiteElo "2656"]
[BlackElo "1982"]

1. d4 Nf6 2. Bg5 e6 3. e4 Be7 4. Nd2 h6 5. Bh4 d5 6. e5 Nfd7 7. Bxe7 Qxe7 8.
Ngf3 c5 9. c3 O-O 10. Bd3 cxd4 11. cxd4 Nc6 12. O-O a5 13. Qe2 b6 14. a3 f6 15.
Rac1 fxe5 16. Rxc6 e4 17. Nxe4 dxe4 18. Qxe4 Nf6 19. Qe5 Nd5 20. Re1 Bd7 21. Rd6
Rxf3 22. gxf3 Rd8 23. Rxd5 Kf7 24. Qc7 1-0

[Event "AUTO-OPEN-4544"]
[Site "http://www.queenalice.com/game.php?id=1854209"]
[Date "2025.3.20"]
[Round "2"]
[White "Capixaba789"]
[Black "delphicoracle"]
[Result "0-1"]
[WhiteElo "1902"]
[BlackElo "2656"]

1. e4 e6 2. d4 c5 3. dxc5 Bxc5 4. Nf3 Nc6 5. Bd3 a6 6. Nc3 d6 7. Ne2 Nf6 8. O-O
O-O 9. Nf4 b5 10. a3 Bb7 11. Be3 Bxe3 12. fxe3 Rc8 13. Qe2 Ne5 14. Nxe5 dxe5 15.
Nh3 Nxe4 16. Rad1 Qc7 17. b4 Nc3 0-1

[Event "AUTO-OPEN-4544"]
[Site "http://www.queenalice.com/game.php?id=1854210"]
[Date "2025.3.20"]
[Round "2"]
[White "delphicoracle"]
[Black "Capixaba789"]
[Result "1-0"]
[WhiteElo "2655"]
[BlackElo "1839"]

1. e4 e5 2. d4 exd4 3. Qxd4 d6 4. Nc3 Nc6 5. Qe3 Nf6 6. Bd2 Be7 7. O-O-O O-O 8.
Qg3 Be6 9. f4 a5 10. Kb1 Nb4 11. a3 c5 12. f5 Bd7 13. Bh6 1-0

[Event "AUTO-OPEN-4583"]
[Site "http://www.queenalice.com/game.php?id=1854299"]
[Date "2025.3.21"]
[Round "1"]
[White "askasl159"]
[Black "delphicoracle"]
[Result "0-1"]
[WhiteElo "1899"]
[BlackElo "2654"]

1. e4 e5 2. f4 d5 3. exd5 exf4 4. Nf3 Nf6 5. Bc4 Nxd5 6. Bxd5 Qxd5 7. Nc3 Qf5 8.
O-O Nc6 9. Re1+ Be6 10. d4 O-O-O 11. Re4 g5 12. h3 Bg7 13. Qe2 Nxd4 14. Nxd4
Bxd4+ 15. Kh1 Bxc3 16. bxc3 Bd5 17. Re5 Qxh3+ 18. Kg1 Qxc3 19. Rb1 Qd4+ 20. Kh1
f3 0-1

[Event "AUTO-OPEN-4583"]
[Site "http://www.queenalice.com/game.php?id=1854300"]
[Date "2025.3.21"]
[Round "1"]
[White "delphicoracle"]
[Black "askasl159"]
[Result "1-0"]
[WhiteElo "2657"]
[BlackElo "1858"]

1. e4 e5 2. d4 exd4 3. Qxd4 Nc6 4. Qe3 g6 5. Nc3 Bg7 6. Bd2 Nge7 7. O-O-O O-O 8.
h4 d5 9. h5 d4 10. Qg3 dxc3 11. Bxc3 Bh6+ 12. f4 Qe8 13. hxg6 fxg6 14. Bc4+ 1-0